• 首页
  • 本馆介绍
  • 公告通知
  • 最新文献
  • 馆藏检索
  • 电子资源
  • 读者导购
  • 参考咨询
  • 我的图书馆
  • 登录
  • 详细信息显示
  • 放入我的书架
  • 预约/预借图书
  • 作者相关作品
  • 分类相关作品
  • 丛书相关作品
  • 出版社相关作品

书目信息

  • 表格格式
  • 工作单格式
  • 卡片格式
题名:
中国法院2014年度案例
    
 
作者: ;国家法官学院 编
分册: 16   金融纠纷
出版信息: 北京   中国法制出版社  2014
页数: 195页
开本: 25cm
丛书名:
单 册:
中图分类: D920.5 , D925.105
科图分类:
主题词: 案例--中国--2014--汇编 , 金融--经济纠纷--案例--中国--2014--汇编 , 案例 , 金融 , 经济纠纷
电子资源:
ISBN: 978-7-5093-5111-6
000 01141nam0 2200301 450
001 523
005 20140908080615.37
010    @a978-7-5093-5111-6@dCNY45.00
100    @a20140504d2014 em y0chiy50 ea
101 0  @achi
102    @aCN@b110000
105    @ay z 000yy
106    @ar
200 1  @a中国法院2014年度案例@AZhong Guo Fa Yuan 2014 Nian Du An Li@h16@i金融纠纷@IJin Rong Jiu Fen@f国家法官学院案例开发研究中心编@FGuo Jia Fa Guan Xue Yuan An Li Kai Fa Yan Jiu Zhong Xin Bian
210    @a北京@c中国法制出版社@d2014
215    @a195页@d25cm
304    @a分卷册编次信息取自书脊
330    @a本书收录中国法院2014年度金融纠纷类案例,涉及银行卡纠纷、委托理财合同纠纷、储蓄存款合同、金融借款合同纠纷、金融不良债权追偿纠纷、证券纠纷、期货纠纷、票据纠纷、信用证纠纷等。
606 0  @a案例@y中国@z2014@j汇编
606 0  @a金融@x经济纠纷@x案例@y中国@z2014@j汇编
606 0  @a案例
606 0  @a金融
606 0  @a经济纠纷
690    @aD920.5@v5
690    @aD925.105@v5
711 02 @a国家法官学院@AGuo Jia Fa Guan Xue Yuan@b案例开发研究中心@4编
801  0 @aCN@bTANGWEI@c20140603
905    @b0840887-89@dD920.5@e1055:16@f3
    
    中国法院2014年度案例.16.金融纠纷/国家法官学院案例开发研究中心编.-北京:中国法制出版社,2014
    195页;25cm
    
    
    ISBN 978-7-5093-5111-6:CNY45.00
    本书收录中国法院2014年度金融纠纷类案例,涉及银行卡纠纷、委托理财合同纠纷、储蓄存款合同、金融借款合同纠纷、金融不良债权追偿纠纷、证券纠纷、期货纠纷、票据纠纷、信用证纠纷等。
●
相关链接 在E读中查询图书 在五车中查询图书 在当当中查询图书 在豆瓣中查询图书


正题名:中国法院2014年度案例     索取号:D920.5/1055:16         预约/预借

序号 登录号 条形码 馆藏地/架位号 状态 备注
1 0840887   208408873   第一样本阅览室/ [索取号:D920.5/1055:16] 在馆    
2 0840888   208408882   第一借阅区/ [索取号:D920.5/1055:16] 在馆    
3 0840889   208408891   密集书库-史法系/ [索取号:D920.5/1055:16] 在馆    
唐山师范学院图书馆 欢迎您!
大连网信软件有限公司© 版权所有